| 000 | 01180nam a22003977a 4500 | ||
|---|---|---|---|
| 001 | BR7503304 | ||
| 003 | BR-BrBNA | ||
| 005 | 20230928084808.0 | ||
| 007 | ta | ||
| 008 | 230509b bl.||||| |||| 00| 0 por d | ||
| 040 |
_aBR-BrBNA _bpor _cBiblioteca Nacional de Agricultura |
||
| 041 | _a(Por) | ||
| 072 |
_aF25; F00; E15 _b2110 _b3810 _b3820 _b3830 _b3840 _b/G514 |
||
| 090 | _ 2110 BR7503304 | ||
| 100 | 1 | _aCabala Rosand, P. | |
| 100 | 1 | _aMiranda, E.R. de | |
| 100 | 1 | _aSantana, C.J.L. de | |
| 100 | 1 | _aPrado, E. P. do | |
| 100 | 1 | _aSantana, M.B.M. | |
| 100 | 1 | _aMorais, F.I. de O. | |
| 110 | 1 |
_aCentro de Pesquisas do Cacau, Ilheus, BA (Brasil) _91631 |
|
| 245 | 1 | _aEmprego de fertilizantes no cultivo do cacaueiro [Brasil] | |
| 260 | 3 |
_aIlheus, BA (Brasil): _c1974. |
|
| 300 | _a44 p. | ||
| 500 | _aBibliography p. 24-30 (73 ref.); 17 tables | ||
| 650 | _aCACAU | ||
| 650 | _aFERTILIZANTE POTASSICO | ||
| 650 | _aFERTILIZANTE NITROGENADO | ||
| 650 | _aFERTILIZANTE FOSFATADO | ||
| 650 | _aCALCARIO DOLOMITICO | ||
| 650 | _aSOMBREAMENTO | ||
| 650 | _aADUBACAO | ||
| 650 | _aCUSTO DE PRODUCAO | ||
| 909 |
_a202309 _bLucia _c55 _dLucia Elande |
||
| 942 | _cBK | ||
| 999 |
_c21141 _d21141 |
||